000 00515pam a2200181 a 4500
020 _a0412569906
_c325
041 _aasm
_hasm
082 _a618.2/BLO/DEH/SOE
_bBLO/DEH/SO
100 _aBLOCH, B .
245 _aMANUAL OF PRACTICAL GYNAECOLOGICAL ONCOLOGY /
_cNULL.
_hTextual Documents
260 _aNULL :
_bJAYPEE BROTHERS MEDICAL PUB. ,
_c2004.
300 _a198 :
_bX ;
_cA4 .
365 _a325
700 _aDEHAECK, K .
_aSOETERS, R .
930 _a1665
999 _c796201
_d796201
650 _aOBST.GYNE